000 00276nam a2200109Ia 4500
008 200302s9999 xx 000 0 und d
100 _aSantiago Calatrava
245 _aConversations with Students
260 _bPrinceton Architectural Press
260 _c2002
300 _a109 P.,
999 _c2750
_d2750